Asia Pacific law review
| Autores Corporativos: | , |
|---|---|
| Formato: | Electrónico Revista |
| Lenguaje: | inglés |
| Publicado: |
[Hong Kong] :
[Longman]
[Hong Kong] : [RT Law & Tax Asia] [London] : Kluwer Law International Hong Kong : LexisNexis Hong Kong : Ninehills Media Abingdon, United Kingdom : Routledge, Taylor & Francis Group |
| Materias: | |
| Acceso en línea: | Full text available from Research Library: 01/01/2011 to 01/31/2019 |
MARC
| LEADER | 00000nas a2200000 a 4500 | ||
|---|---|---|---|
| 001 | ssj0009695 | ||
| 003 | WaSeSS | ||
| 005 | 20200512172242.0 | ||
| 006 | m d | ||
| 007 | cr n | ||
| 008 | 001121c19929999enkfr p s 0 a0eng c | ||
| 010 | |a 2010250908 | ||
| 015 | |a 020024738 |2 dnb | ||
| 016 | 7 | |a 2014968-2 |2 DE-600 | |
| 016 | 7 | |a 012432135 |2 Uk | |
| 016 | 7 | |a 2000770-X |2 DE-600 | |
| 016 | 7 | |a 019620791 |2 Uk | |
| 022 | |a 1875-8444 |l 1019-2557 |y 1019-2557 | ||
| 030 | |a APLRCB | ||
| 035 | |a (WaSeSS)ssj0009695 | ||
| 040 | |a OH1 |b eng |c OH1 |d OCLCQ |d F#A |d OCLCQ |d TKF |d BUF |d UKMGB |d W2U |d HEBIS |d OCLCQ |d OCLCA |d OCLCQ |d OCLCA |d OCLCF |d DLC |d OCLCQ |d DLC |d CUD |d OCLCA |d DLC |d OCLCO |d CUS |d AU@ |d WaSeSS | ||
| 042 | |a pcc |a nsdp | ||
| 043 | |a a------ |a po----- | ||
| 050 | 0 | 0 | |a K1 |
| 082 | 1 | 0 | |a 349.5 |2 23 |
| 082 | 0 | 4 | |a 349.95 |
| 222 | 0 | |a Asia Pacific law review |b (Online) | |
| 245 | 0 | 0 | |a Asia Pacific law review |h [electronic resource]. |
| 246 | 3 | |a APLR | |
| 246 | 1 | |i Some providers cite as: |a Asia Pac. L. Rev | |
| 260 | |3 1992-<1994> : |a [Hong Kong] : |b [Longman] | ||
| 260 | 2 | |3 <1995-1997> : |a [Hong Kong] : |b [RT Law & Tax Asia] | |
| 260 | 2 | |3 <1998-2008> : |a [London] : |b Kluwer Law International | |
| 260 | 3 | |3 <2009-2013> : |a Hong Kong : |b LexisNexis | |
| 260 | 3 | |3 2014- |a Hong Kong : |b Ninehills Media | |
| 260 | 3 | |3 2016- |a Abingdon, United Kingdom : |b Routledge, Taylor & Francis Group | |
| 310 | |a Semiannual | ||
| 362 | 1 | |a Print began with vol. 1, no. 1 (spring 1992). | |
| 506 | |a License restrictions may limit access. | ||
| 525 | |a Includes occasional special issue. | ||
| 550 | |a Issued by: Department of Law of the City Polytechnic of Hong Kong, 1992-1994; by: City University of Hong Kong, 1995- | ||
| 588 | |a Description based on print version record. | ||
| 588 | |a Latest issue consulted: Volume 24, issue 1 (tandfonline.com, viewed Nov. 17, 2016). | ||
| 650 | 0 | |a Law |z Asia |v Periodicals. | |
| 650 | 0 | |a Law |z Oceania |v Periodicals. | |
| 650 | 7 | |a Law. |2 fast |0 (OCoLC)fst00993678 | |
| 650 | 1 | 7 | |a Recht. |2 gtt |
| 651 | 7 | |a Asia. |2 fast |0 (OCoLC)fst01240495 | |
| 651 | 7 | |a Oceania. |2 fast |0 (OCoLC)fst01242982 | |
| 655 | 0 | |a Electronic journals. | |
| 710 | 2 | |a City Polytechnic of Hong Kong. |b Department of Law. | |
| 710 | 2 | |a City University of Hong Kong. | |
| 776 | 0 | 8 | |i Print version: |t Asia Pacific law review |x 1019-2557 |w (DLC) 93645266 |w (OCoLC)27130969 |
| 850 | |a DLC | ||
| 856 | 4 | 0 | |z Full text available from Research Library: 01/01/2011 to 01/31/2019 |u https://search.proquest.com/publication/866358 |